Регионална библиотека "Любен Каравелов" - Русе

Симфония № 8 си минор, соч. 1822 г., Неоконченная ; | Розамунда - фрагменты из музыки к пьесе Г.Шези, соч. 26 (Запис номер 529465)

MARC детайли
000 -Лидер
Лидер 01163njm a2200265 i 4500
001 - Контролен номер на записа
Контролен № 005369930
003 - Код на организацията, давaща контролен номер
Код на организацията, даваща контролен номер BLK
005 - Дата и час на последна редакция
Дата и час на последна редакция 20250320084814.0
007 - Фиксирано поле за физическо описани
Физическо описание sd ammalaaahaa
008 - Елементи от данни с фиксирана дължина
Елементи с фиксирана дължина 120116s1974 ru ptnng rus
028 02 - PUBLISHER NUMBER
Издателски номер С10 08409-10
040 ## - Източник на каталожния запис
Код на библиотеката BLK
041 ## - Код за език
Език на записа Руски
Език за КДБФ Руски
080 ## - УДК
УДК текст Симфонии
УДК код 785.082.1
УДК – код + определител (086.7)
УДК – определител 785.082.1(086.72)
100 ## - Редна дума - Автор
Автор Шуберт, Франц
Години, свързани с автора 1797 - 1828
Пълна форма на името Шуберт, Франц Петер
R(LIN) 387447
245 ## - Сведения за заглавието
Заглавие Симфония № 8 си минор, соч. 1822 г., Неоконченная ;
-- Розамунда - фрагменты из музыки к пьесе Г.Шези, соч. 26
Авторска отговорност Франц Шуберт; Московский государственный симфонический оркестр, дир. Вероника Дударова
260 ## - Област на издателските данни
Място на издаване Москва
Име на издателя Мелодия
Година на издаване 1977
300 ## - Физическа характеристика
Брой страници 1 грамофонна плоча
Илюстрации 33 об/мин, стерео
Размер 30 см
380 ## - Жанр
Жанр Изкуство
700 ## - Други автори (авторска отговорност)
9 (RLIN) 488981
Друг автор Дударова, Вероника Борисовна
852 ## - Местоположение
Сигнатура (форматна) Ф ІІ 4048
Отдел Хранилище
856 ## - Електронен адрес и достъп
Инструкция (цена за достъп) 0.00
Права за достъп disable
942 ## - АРТИКУЛИ
Вид на библиотечния документ Грамофонни плочи
Скрит в OPAC Не
944 ## - СЪЗДАВАНЕ И РЕДАКЦИЯ на ЗАПИСА
Дата на регистрацията/редакция Нора Радева
Служител, извършил регистрацията/редакцията 30545
Създаване/Редакция
Статус, дата на статуса Нора Радева
999 ## - СИСТЕМНИ КОНТРОЛНИ НОМЕРА
Koha biblionumber 529465
Koha biblioitemnumber 529465
Наличности
Код за отписване Код за изгубен артикул Източник на класификационната схема Код за повреда Коз за рестрикции Код за отдаване Артикулен № Име на библиотеката - собственик Име на библиотеката, в която се намира в момента Статус (Текущо местоположение) Дата на вписване в системата Местоположение - отдел Цена в лева Инвентарен номер Систематично азбучна сигнатура Баркод Цена в евро Служебен тип на артикула
  Не е изгубен Universal Decimal Classification Не е повреден само за читалня ползва се в читалня 964274 Регионална библиотека "Любен Каравелов" Русе Регионална библиотека "Любен Каравелов" Русе Хранилище 2025-03-20 Основен фонд - ползва се само за читалня 3.00 14261 Ф ІІ 4048 900000116248 1.53 Грамофонни плочи
Vip Innovations Ltd, Rousse, Bulgaria 2025